Fifty, fifty : Harriet Blue / James Patterson and Candice Fox.
It’s not easy being a good detective – when your brother’s a serial killer. Sam Blue stands accused of the brutal murders of three young students, their bodies dumped near the Georges River. Only one person believes he is innocent: his sister, Detective Harriet Blue. And she’s determined to prove it. Except she’s now been banished to the outback town of Last Chance Valley (population 75), where a diary found on the roadside outlines a shocking plan – the massacre of the entire town. And the first death, shortly after Harry’s arrival, suggests the clock is already ticking. Meanwhile, back in Sydney, a young woman holds the key to crack Sam’s case wide open. If only she could escape the madman holding her hostage . . .
Record details
- ISBN: 9780316513234
- ISBN: 0316513237
- Physical Description: 510 pages (large print) ; 25 cm.
- Edition: Large print edition, First North American edition.
- Publisher: New York : Little, Brown and Company, 2018, ©2017.
Content descriptions
| General Note: | "Heads she wins, tails she dies"--Cover. |
Search for related items by subject
| Genre: | Large type books. Detective and mystery fiction. Thrillers (Fiction) |
Search for related items by series
Available copies
- 1 of 1 copy available at scottsboropl.
Holds
- 0 current holds with 1 total copy.
Show Only Available Copies
| Location | Call Number / Copy Notes | Barcode | Shelving Location | Status | Due Date |
|---|---|---|---|---|---|
| scottsboropl | F Pat | 32269001049546 | Adult - Fiction | Available | - |
| LDR | 02677nam a2200505Ii 4500 | ||
|---|---|---|---|
| 001 | 146094 | ||
| 003 | SBPL | ||
| 005 | 20180320073539.0 | ||
| 008 | 180205t20182017nyu ed 000 1 eng d | ||
| 010 | . | ‡a 2017052950 | |
| 020 | . | ‡a9780316513234 ‡q(large print : hardcover) | |
| 020 | . | ‡a0316513237 ‡q(large print : hardcover) | |
| 035 | . | ‡a(CONS)146094 | |
| 035 | . | ‡a(CPomAG)LMN604809 | |
| 050 | 1 | 4. | ‡aPS3566.A822 ‡bF54 2018b |
| 082 | 0 | 4. | ‡a813/.54 ‡223 |
| 100 | 1 | . | ‡aPatterson, James, ‡d1947- ‡eauthor. |
| 245 | 1 | 0. | ‡aFifty, fifty : ‡bHarriet Blue / ‡cJames Patterson and Candice Fox. |
| 246 | 3 | 0. | ‡a50 50 |
| 250 | . | ‡aLarge print edition, First North American edition. | |
| 264 | 1. | ‡aNew York : ‡bLittle, Brown and Company, ‡c2018, ©2017. | |
| 300 | . | ‡a510 pages (large print) ; ‡c25 cm. | |
| 336 | . | ‡atext ‡btxt ‡2rdacontent | |
| 337 | . | ‡aunmediated ‡bn ‡2rdamedia | |
| 338 | . | ‡avolume ‡bnc ‡2rdacarrier | |
| 340 | . | ‡nlarge print ‡2rda | |
| 490 | 1 | . | ‡aDetective Harriet Blue. ; ‡vBk 2. |
| 500 | . | ‡a"Heads she wins, tails she dies"--Cover. | |
| 520 | . | ‡aIt’s not easy being a good detective – when your brother’s a serial killer. Sam Blue stands accused of the brutal murders of three young students, their bodies dumped near the Georges River. Only one person believes he is innocent: his sister, Detective Harriet Blue. And she’s determined to prove it. Except she’s now been banished to the outback town of Last Chance Valley (population 75), where a diary found on the roadside outlines a shocking plan – the massacre of the entire town. And the first death, shortly after Harry’s arrival, suggests the clock is already ticking. Meanwhile, back in Sydney, a young woman holds the key to crack Sam’s case wide open. If only she could escape the madman holding her hostage . . . | |
| 600 | 1 | 0. | ‡aBlue, Harriet ‡c(Fictitious character) ‡vFiction. |
| 650 | 0. | ‡aWomen detectives ‡vFiction. | |
| 650 | 0. | ‡aMass murder ‡vFiction. | |
| 650 | 0. | ‡aSerial murder investigation ‡vFiction. | |
| 650 | 0. | ‡aHostages ‡vFiction. | |
| 650 | 0. | ‡aBrothers and sisters ‡vFiction. | |
| 651 | 0. | ‡aAustralia ‡vFiction. | |
| 655 | 0. | ‡aLarge type books. | |
| 655 | 7. | ‡aDetective and mystery fiction. ‡2lcgft | |
| 655 | 7. | ‡aThrillers (Fiction) ‡2lcgft | |
| 700 | 1 | . | ‡aFox, Candice, ‡eauthor. |
| 800 | 1 | . | ‡aPatterson, James, ‡d1947- ‡tDetective Harriet Blue ; ‡vBk 2. |
| 901 | . | ‡a146094 ‡bUnknown ‡c146094 ‡tbiblio | |